Tourist Attractions in Michigan by Images - Statistics

General Stats
  • This quiz has been taken 4 times
  • The average score is 4 of 16
Answer Stats
Picture Answer % Correct
Mackinac Island
75%
Sleeping Bear Dunes National Lakeshore
75%
Isle Royale National Park
50%
Comerica Park
25%
Detroit Institute of Arts
25%
Greenfield Village
25%
Henry Ford Museum of American Innovation
25%
Motown Museum
25%
Pictured Rocks National Lakeshore
25%
Arch Rock
0%
Colonial Michilimackinac
0%
Frederik Meijer Gardens and Sculpture Park
0%
Great Lakes Shipwreck Museum
0%
Guardian Building
0%
Saugatuck Dune Rides
0%
Tahquamenon Falls State Park
0%
No matching quizzes found
Score Distribution
Percent of People with Each Score
Percentile by Number Answered
Your Score History
You have not taken this quiz